[Event "12. Süder Sommerpokal"]
[Site "Recklinghausen"]
[Date "2001.08.06"]
[Round "3"]
[White "Krassontowitsch, Valentin"]
[Black "Beyer, Thomas"]
[Result "0-1"]
[WhiteElo "1020"]
[BlackElo "1682"]
[PlyCount "138"]
[EventDate "2001.??.??"]

1. e4 c6 2. d4 d6 3. Nf3 Nd7 4. Bc4 Ndf6 5. Nc3 e6 6. d5 e5 7. O-O g6 8. Be3 a6
9. Qd2 b5 10. Bb3 c5 11. a3 h6 12. Nh4 Ng4 13. g3 Be7 14. Ng2 h5 15. f3 Nxe3
16. Qxe3 Nh6 17. f4 Ng4 18. Qf3 h4 19. h3 Nh2 20. Kxh2 Bxh3 21. g4 Bxg2 22.
Kxg2 h3+ 23. Kh2 Bf6 24. f5 g5 25. Nd1 Qb6 26. Qc3 Rc8 27. Qe3 Qa5 28. Nf2 c4
29. Ba2 Bd8 30. Nxh3 f6 31. Rf3 Bb6 32. Qc3 Qa4 33. b3 Qxa3 34. bxc4 Qxc3 35.
Rxc3 Bd4 36. Ra3 Bxa1 37. Rxa6 Kd7 38. Ra7+ Rc7 39. Ra3 bxc4 40. Bb1 Bd4 41. c3
Be3 42. Ba2 Rb7 43. Kg3 Bf4+ 44. Nxf4 exf4+ 45. Kg2 Rh4 46. Bxc4 Rxg4+ 47. Kf3
Rg3+ 48. Kf2 g4 49. Be2 Rc7 50. Ra8 Rcxc3 51. Ra7+ Kc8 52. e5 Rgf3+ 53. Bxf3
Rxf3+ 54. Kg2 dxe5 55. Rf7 Rd3 56. Rxf6 Rxd5 57. Re6 Kd7 58. Rg6 Rd2+ 59. Kf1
g3 60. Rg4 Rf2+ 61. Kg1 e4 62. Rh4 e3 63. Rh7+ Ke8 64. Rc7 e2 65. Rc1 f3 66. f6
Kf7 67. Rb1 Rg2+ 68. Kh1 Rh2+ 69. Kg1 f2# 0-1

[Event "12. Süder Sommerpokal"]
[Site "Recklinghausen"]
[Date "2001.08.06"]
[Round "3"]
[White "Arfert, Peter"]
[Black "Goihl, Mona"]
[Result "0-1"]
[WhiteElo "1469"]
[BlackElo "2134"]
[PlyCount "82"]
[EventDate "2001.??.??"]

1. d4 Nf6 2. Bf4 g6 3. Nf3 Bg7 4. Nbd2 d5 5. e3 O-O 6. h3 Nbd7 7. a4 Re8 8. c3
c5 9. Be2 b6 10. O-O Bb7 11. Bh2 Rc8 12. Ne5 Rf8 13. Qc2 Ne4 14. Nxe4 dxe4 15.
Nxd7 Qxd7 16. Bb5 Qf5 17. Qe2 cxd4 18. exd4 Rcd8 19. Qe3 h5 20. Qf4 Qc8 21. Qc7
Qxc7 22. Bxc7 Rc8 23. Bf4 Rfd8 24. a5 a6 25. Be2 b5 26. f3 b4 27. Rfc1 exf3 28.
Bxf3 Bxf3 29. gxf3 bxc3 30. bxc3 Rc4 31. Kf1 Rdc8 32. Bd2 e5 33. dxe5 Bxe5 34.
Rab1 R8c5 35. Rb4 Rc6 36. Rb6 Bc7 37. Rxc6 Rxc6 38. c4 Kf8 39. c5 Re6 40. Re1
Ke7 41. Re2 Kd7 0-1

[Event "12. Süder Sommerpokal"]
[Site "Recklinghausen"]
[Date "2001.08.06"]
[Round "3"]
[White "Hahn, Matthias"]
[Black "Jungbluth, Michael"]
[Result "1-0"]
[WhiteElo "1932"]
[BlackElo "1465"]
[PlyCount "34"]
[EventDate "2001.??.??"]

1. d4 Nf6 2. Nf3 d6 3. c4 g6 4. Nc3 Bg7 5. g3 O-O 6. Bg2 c5 7. O-O Nc6 8. d5
Na5 9. Nd2 Bd7 10. Qc2 a6 11. b3 b5 12. Bb2 Rb8 13. Rab1 Bh6 14. f4 Qc8 15. e4
Bh3 16. e5 Bxg2 17. Kxg2 Ng4 {Rest unklar} 1-0

[Event "12. Süder Sommerpokal"]
[Site "Recklinghausen"]
[Date "2001.08.06"]
[Round "3"]
[White "Manthei, Michael"]
[Black "Rolle, Harald"]
[Result "1-0"]
[WhiteElo "1874"]
[BlackElo "1418"]
[PlyCount "97"]
[EventDate "2001.??.??"]

1. b3 e5 2. Bb2 Nc6 3. g3 Be7 4. Bg2 Bf6 5. d3 Nge7 6. e3 d6 7. Nd2 Be6 8. h3
Qd7 9. Qe2 h5 10. Ngf3 g5 11. Ne4 Rh6 12. Nxf6+ Rxf6 13. Nxg5 Rh6 14. Rd1 Bf5
15. a3 Nd8 16. e4 Bg6 17. f4 f6 18. Nf3 Nf7 19. f5 Bh7 20. Bc1 O-O-O 21. Bxh6
Nxh6 22. Qe3 Nhg8 23. Qxa7 Nc6 24. Qf2 Kb8 25. c3 Nh6 26. Nd2 Ne7 27. Bf3 d5
28. Qe2 Rg8 29. g4 Qc6 30. Rc1 d4 31. c4 Qe8 32. Kf2 Rg7 33. Rcg1 Bg8 34. Rg2
Rh7 35. g5 fxg5 36. Rxg5 Qd8 37. Rhg1 Nf7 38. Rxh5 Nh6 39. Rhg5 Bf7 40. Qf1 Qf8
41. Qg2 Be8 42. Rg7 Rh8 43. Ke2 Nc8 44. Qg3 Qd6 45. b4 Nb6 46. c5 Qc6 47. Qxe5
Nd7 48. Rxd7 Nf7 49. Rxf7 1-0

[Event "12. Süder Sommerpokal"]
[Site "Recklinghausen"]
[Date "2001.08.06"]
[Round "3"]
[White "Kiefer, Johannes"]
[Black "Shalimov, Vitalij"]
[Result "1/2-1/2"]
[WhiteElo "1704"]
[BlackElo "1409"]
[PlyCount "56"]
[EventDate "2001.??.??"]

1. c4 c5 2. Nc3 g6 3. d3 Bg7 4. e4 Nc6 5. Nge2 Nf6 6. g3 d6 7. h3 Bd7 8. Bg2 a6
9. O-O Rb8 10. a4 h5 11. Nd5 Nxd5 12. exd5 Nb4 13. d4 cxd4 14. Nxd4 Qc8 15. Be3
Bxh3 16. Qb3 Bxg2 17. Kxg2 a5 18. Rh1 h4 19. Rh2 hxg3 20. Rxh8+ Bxh8 21. Rh1
Bg7 22. Rh7 Bf6 23. f3 Kd7 24. Nb5 Qg8 25. Rh3 Qg7 26. Bh6 Qg8 27. Bd2 Qg7 28.
Bh6 Qg8 1/2-1/2

[Event "12. Süder Sommerpokal"]
[Site "Recklinghausen"]
[Date "2001.08.06"]
[Round "3"]
[White "Westermann, Bernhard"]
[Black "Hoffmann, Mathias"]
[Result "1-0"]
[WhiteElo "1650"]
[BlackElo "1306"]
[PlyCount "99"]
[EventDate "2001.??.??"]

1. d4 Nf6 2. Nf3 e6 3. e3 c5 4. Bd3 d5 5. b3 Be7 6. O-O O-O 7. Bb2 Qc7 8. Nbd2
Nc6 9. a3 Re8 10. Ne5 cxd4 11. exd4 Rb8 12. f4 b5 13. Rf3 Qb6 14. Nxc6 Qxc6 15.
Rh3 h6 16. Nf3 Qc7 17. Ne5 Ne4 18. Qg4 Kf8 19. Qh5 Bf6 20. Re1 Bxe5 21. fxe5
Qc6 22. Qh4 Bb7 23. Qf4 Qd7 24. Rf1 Rec8 25. Bxb5 Qe7 26. Bd3 Rc7 27. a4 Ba8
28. Qc1 Rxb3 29. Rxh6 gxh6 30. Qxh6+ Ke8 31. cxb3 Qb4 32. Qh8+ Qf8 33. Qxf8+
Kxf8 34. Bxe4 dxe4 35. Rc1 Rxc1+ 36. Bxc1 a5 37. Ba3+ Ke8 38. g4 Kd7 39. Kf2
Bd5 40. b4 axb4 41. Bxb4 Kc6 42. Ke3 Bb3 43. a5 Bd1 44. Kf4 e3 45. h4 e2 46. h5
Bc2 47. Kg5 Kd7 48. Kf6 Ke8 49. Kg7 Be4 50. h6 1-0

[Event "12. Süder Sommerpokal"]
[Site "Recklinghausen"]
[Date "2001.08.06"]
[Round "3"]
[White "Nebel, Rudi"]
[Black "Klees, Robert"]
[Result "1-0"]
[WhiteElo "1640"]
[BlackElo "1239"]
[PlyCount "77"]
[EventDate "2001.??.??"]

1. d4 Nf6 2. c4 e5 3. e3 exd4 4. exd4 Bb4+ 5. Bd2 Bxd2+ 6. Nxd2 c6 7. Be2 Qb6
8. Ngf3 Qxb2 9. O-O Qb6 10. Bd3 O-O 11. Rb1 Qc7 12. Qc2 g6 13. Rb3 d6 14. Re1
Kg7 15. Qc3 Nbd7 16. Bb1 Qd8 17. Qb2 b6 18. Rbe3 d5 19. Ne5 Qc7 20. f4 Ne8 21.
Qc2 Ndf6 22. Qb2 Kg8 23. h3 Ng7 24. g4 Bd7 25. Qc2 Ne6 26. f5 gxf5 27. Ndf3 f4
28. Nxd7 Qxd7 29. Re5 Ne4 30. R1xe4 dxe4 31. Qxe4 f6 32. Rxe6 Rf7 33. Qxc6 Qxc6
34. Rxc6 Re8 35. Kf2 Kg7 36. Nh4 Rd8 37. Nf5+ Kf8 38. d5 Rdd7 39. Rc8+ 1-0

[Event "12. Süder Sommerpokal"]
[Site "Recklinghausen"]
[Date "2001.08.06"]
[Round "3"]
[White "Oberste, Norbert"]
[Black "Klutschko, Oleg"]
[Result "1/2-1/2"]
[WhiteElo "1624"]
[BlackElo "1233"]
[PlyCount "120"]
[EventDate "2001.??.??"]

1. f4 d5 2. Nf3 Nc6 3. d4 Bf5 4. c3 e6 5. e3 Bd6 6. Bb5 Nge7 7. O-O O-O 8. Ne5
f6 9. Nd3 e5 10. fxe5 fxe5 11. dxe5 Nxe5 12. Nf4 c6 13. Be2 Bc7 14. Nd2 Bb6 15.
Nf3 Nc4 16. Nd4 Bc8 17. Bd3 Qd6 18. Bxc4 dxc4 19. Qe2 Bc7 20. Qxc4+ Kh8 21.
Nde6 Bxe6 22. Qxe6 Qxe6 23. Nxe6 Bxh2+ 24. Kxh2 Rxf1 25. b3 Re8 26. c4 Kg8 27.
Nxg7 Rd8 28. Bb2 Rxa1 29. Bxa1 Rd1 30. Bf6 Kf7 31. Nh5 Kg6 32. Bxe7 Kxh5 33.
Bc5 b6 34. Bd4 Kg4 35. c5 h5 36. cxb6 axb6 37. Bxb6 h4 38. b4 Rd2 39. Kg1 Rxa2
40. Bc5 Re2 41. Kf1 Rc2 42. Bd6 Kf5 43. Kg1 Ke4 44. Be7 Kxe3 45. Bxh4 Kf4 46.
Kh2 Kg4 47. Be7 Re2 48. Bd6 Re6 49. Bc7 Rg6 50. Bb8 Kf5 51. g3 Ke4 52. Kg2 Kd4
53. Ba7+ Kd3 54. Kf3 Rf6+ 55. Kg4 Ke4 56. Bb8 Rg6+ 57. Kh5 Kf5 58. Bf4 Rg8 59.
Kh6 Kf6 60. Kh7 Kf7 {usw} 1/2-1/2

[Event "12. Süder Sommerpokal"]
[Site "Recklinghausen"]
[Date "2001.08.06"]
[Round "3"]
[White "Stein, Daniel"]
[Black "Nioduschewski, Nils"]
[Result "1-0"]
[WhiteElo "1601"]
[BlackElo "1212"]
[PlyCount "43"]
[EventDate "2001.??.??"]

1. d4 d5 2. c4 dxc4 3. Nf3 Nf6 4. e3 e6 5. Bxc4 Be7 6. O-O O-O 7. Nc3 Nc6 8. a3
b6 9. Bd3 Bb7 10. Bc2 Rb8 11. Qd3 g6 12. e4 Qc8 13. b4 a6 14. e5 Nd5 15. Nxd5
exd5 16. Qe3 a5 17. Qh6 Qg4 18. Bg5 Nxd4 19. Bf6 Bxf6 20. exf6 Nf5 21. Bxf5
gxf5 22. Ng5 1-0

[Event "12. Süder Sommerpokal"]
[Site "Recklinghausen"]
[Date "2001.08.06"]
[Round "3"]
[White "Kötz, Jan"]
[Black "Bembennek, Ralf"]
[Result "0-1"]
[WhiteElo "1150"]
[BlackElo "1590"]
[PlyCount "56"]
[EventDate "2001.??.??"]

1. d4 d5 2. Bf4 Nf6 3. e3 e6 4. Nc3 Bb4 5. Nf3 Ne4 6. Qd3 O-O 7. Be2 b6 8. Qd1
Nxc3 9. Qd3 Ba6 10. Qd2 Nxe2 11. Qxb4 Nxf4 12. exf4 Nd7 13. O-O-O c5 14. Qd2
Nf6 15. Rhe1 Ne4 16. Qe3 Qc7 17. Ne5 Rac8 18. f3 cxd4 19. Qe2 Bxe2 20. Rxe2 f6
21. Nd3 Nc5 22. Nb4 Qxf4+ 23. Rdd2 d3 24. Nxd3 Nxd3+ 25. Kb1 Nb4 26. c3 Qc4 27.
b3 Qxc3 28. Rd1 Nd3 0-1

[Event "12. Süder Sommerpokal"]
[Site "Recklinghausen"]
[Date "2001.08.06"]
[Round "3"]
[White "Lietz, Werner"]
[Black "Selbach, Sascha"]
[Result "1-0"]
[WhiteElo "1587"]
[BlackElo "1199"]
[PlyCount "67"]
[EventDate "2001.??.??"]

1. e4 c5 2. Nf3 e6 3. c4 a6 4. a4 b6 5. Nc3 Bb7 6. Be2 Qc7 7. O-O d6 8. d4 cxd4
9. Nxd4 Nd7 10. Be3 Ngf6 11. f3 Be7 12. Rc1 Rc8 13. b3 h5 14. Qc2 g6 15. Qb2
Qb8 16. b4 Ne5 17. Qb3 h4 18. Bg5 Nh5 19. Bxe7 Kxe7 20. f4 Nd7 21. Qc2 Nhf6 22.
Qd2 Qa8 23. Qe3 Nxe4 24. Nxe4 f5 25. Ng5 e5 26. fxe5 Nxe5 27. Ngf3 Kf6 28. Qg5+
Kf7 29. c5 Nxf3+ 30. Nxf3 dxc5 31. Ne5+ Ke6 32. Nxg6 Bxg2 33. Qe7+ Kd5 34.
Rxf5+ 1-0